| 000 | 00429nam a22001697a 4500 | ||
|---|---|---|---|
| 005 | 20180411152652.0 | ||
| 008 | 160523b xxu||||| |||| 00| 0 eng d | ||
| 020 | _a0-19-516995-X | ||
| 041 | _aeng | ||
| 082 |
_b4133 _a339 |
||
| 100 |
_aSalvatore / dominick _91014 |
||
| 245 | _aMicro Economics Theory and Applications | ||
| 260 |
_aNew Delhi _bAcademic Faundation |
||
| 300 | _a698 | ||
| 650 |
_aManagement _9241 |
||
| 942 | _cBK | ||
| 999 |
_c1385 _d1385 |
||